[Event "St Petersburg Korchnoi Memorial op"]
[Site "St Petersburg"]
[Date "2024.08.20"]
[Round "7"]
[White "Lapin, Artem"]
[Black "Kryuchkov, Eugene"]
[Result "0-1"]
[WhiteElo "1858"]
[BlackElo "2089"]
[PlyCount "120"]
[EventDate "2024.08.17"]
[EventType "swiss"]
[EventRounds "9"]
[EventCountry "RUS"]
[SourceTitle "EXT 2025"]
[Source "ChessBase"]
[SourceDate "2024.10.14"]
[SourceVersion "1"]
[SourceVersionDate "2024.10.14"]
[SourceQuality "1"]

1. d4 d5 2. c4 c6 3. Nc3 Nf6 4. Nf3 dxc4 5. a4 e6 6. e3 c5 7. Bxc4 Nc6 8. 0-0 cxd4 9. exd4 Be7 10. Bf4 Nb4 11. Be5 0-0 12. a5 Bd7 13. Bxf6 Bxf6 14. Qb3 Nc6 15. a6 bxa6 16. Rfd1 Na5 17. Qa2 Nxc4 18. Qxc4 a5 19. Qc5 Qb6 20. Rxa5 Qxb2 21. Ne4 Bd8 22. Raa1 Qb7 23. Nd6 Qd5 24. Ne5 Be8 25. Rdb1 f6 26. Nd3 Bg6 27. Nf4 Qxc5 28. dxc5 Bxb1 29. Rxb1 Bc7 30. Nxe6 Bxd6 31. cxd6 Rfe8 32. Nc7 Rab8 33. Rd1 Red8 34. f4 Rb6 35. Ra1 Rbxd6 36. Rxa7 R6d7 37. Ne6 Rxa7 38. Nxd8 Ra6 39. Nb7 Rc6 40. Na5 Rc3 41. Nb7 Kf7 42. Nd6+ Ke6 43. Ne4 Rc4 44. f5+ Ke5 45. Ng3 Rc2 46. h3 Rc7 47. Kf2 Kf4 48. Ne2+ Kxf5 49. g4+ Ke4 50. Ng3+ Ke5 51. Ne2 Rc2 52. Kf3 Ra2 53. Ng3 Ra3+ 54. Kf2 g6 55. Kg2 Kf4 56. Ne2+ Ke3 57. Ng1 f5 58. gxf5 gxf5 59. Kg3 f4+ 60. Kg4 Kf2 0-1

[Event "St Petersburg Korchnoi Memorial op"]
[Site "St Petersburg"]
[Date "2024.08.18"]
[Round "3"]
[White "Kramarenko, Elena"]
[Black "Kryuchkov, Eugene"]
[Result "0-1"]
[WhiteElo "1864"]
[BlackElo "2089"]
[PlyCount "94"]
[EventDate "2024.08.17"]
[EventType "swiss"]
[EventRounds "9"]
[EventCountry "RUS"]
[SourceTitle "CBM 221 Extra"]
[Source "ChessBase"]
[SourceDate "2024.09.30"]
[SourceVersion "1"]
[SourceVersionDate "2024.09.30"]
[SourceQuality "1"]

1. e4 e5 2. Nf3 Nf6 3. d4 Nxe4 4. Bd3 d5 5. Nxe5 Nd7 6. Nc3 Nxe5 7. dxe5 Nxc3 8. bxc3 Bc5 9. 0-0 0-0 10. Qh5 g6 11. Qh6 Re8 12. Bg5 Be7 13. Bxe7 Qxe7 14. f4 Qf8 15. Qh4 Qe7 16. Qh6 Kh8 17. Kh1 Rg8 18. Rae1 c5 19. f5 Bxf5 20. Bxf5 gxf5 21. Rxf5 Rae8 22. Qf4 Rg7 23. Rd1 Qe6 24. h4 Reg8 25. Rf6 Rg4 26. Rxe6 Rxf4 27. Re7 Rf2 28. Rxd5 Rfxg2 29. Rxf7 R2g3 30. Rf2 Rh3+ 31. Rh2 Rxc3 32. Rd3 Rxd3 33. cxd3 Re8 34. Re2 Kg7 35. Kg2 Kg6 36. Kg3 Kf5 37. Rf2+ Ke6 38. Kg4 Re7 39. Rf5 Rd7 40. Rh5 Rf7 41. Rg5 b5 42. h5 c4 43. d4 Rd7 44. Kf3 Rxd4 45. Ke3 Rd7 46. Ke4 c3 47. Rg1 c2 0-1